1234 1006 1675 1103 1732 1151 1199 1844 1007 1611 1179 1107 1759 1718 1525 1311 1946 1188 1262 1971 1845 1753 1555 1370 1571 1531 1718 1464 1006 1486 1734 1291 1114 1299 1771 1369 1393 1660 1718 1510 1010 1037 1680 1206 1684 1217 1488 1097 1988 1979 1667 1374 1469 1007 1064 1474 1558 1804 1014 1924 1702 1116 1650 1793 1611 1397 1118 1338 1806 1774 1863 1945 1760 1659 1758 1473 1724 1649 1803 1011 1212 1692 1179 1918 1374 1854 1939 1658 1546 1473 1900 1764 1535 1998 1854 1752 1417 1395 1473 BCNSPRNW ULIB Ver.6.0+V

เปลี่ยนเป็นภาษาไทย

Change to English
 แสดงรายละเอียดบรรณานุกรม
  กลับหน้าหลัก

Brief Record : Get Marc (ISO 2709) : E-mail record : QR code < ปิดหน้าต่าง
LEADER : 00000nam 2200000uu 4500
001    13399108077
003     ULIB
008    110216s2552||||th 000 0 tha d
020    9786167016016
060  0 QU145^bน566อ 2552
100 0  นิดดา หงษ์วิวัฒน์
245 00 อาหารฤทธิ์เย็น:แนวธรรมชาติบำบัดปรับสมดุลรักษาโรค/^cนิดดา หงษ์วิวัฒน์
250    พิมพ์ครั้งที่ 1
260    กรุงเทพฯ:^bแสงแดด,^c2552
300    159 หน้า:^bภาพประกอบสี
650  7 สูตรอาหาร
650  7 โภชนาการอาหาร
945    ^p295^l0^i027657
995    ทศพร
999 ^a ใช้งานได้ทุกระบบ
รายการนี้ยังไม่มีแท็ก
คุณยังไม่ได้ล็อกอิน คุณสามารถมีกิจกรรมร่วมกับเว็บไซต์ได้ แต่ต้องล็อกอินก่อน ::
  ล็อกอิน

รายการสื่อสารสนเทศ

ลำดับที่ ประเภท เลขเรียก/บาร์โค้ด สถานที่ สถานะ
- ไม่พบข้อมูล -

รายการใกล้เคียง
    ผู้แต่ง [นิดดา หงษ์วิวัฒน์]

    หัวเรื่อง [สูตรอาหาร]
    หัวเรื่อง [โภชนาการอาหาร]

BibComment


ยังไม่เคยถูกคอมเมนท์

คอมเมนท์ทรัพยากรรายการนี้
  คอมเมนท์: อาหารฤทธิ์เย็นแนว..


 Copyright 2026. Bcnsprnw @Library